[Event "12sen.WM-D Naumburg"]
[Site "Naumburg/Saale(20.10.-03.11.)"]
[Date "2002.10.23"]
[Round "3"]
[White "Gudova, Tamara"]
[Black "Dmitrieva, Alla"]
[Result "1-0"]
[WhiteElo "2060"]
[BlackElo "1566"]
[PlyCount "109"]
[EventDate "2002.11.??"]

1. d4 d5 2. c4 e6 3. Nc3 Bb4 4. e3 Nf6 5. Bd2 Bxc3 6. Bxc3 O-O 7. Nf3 Ne4 8.
Bd3 f5 9. O-O c6 10. Rc1 Bd7 11. Ne5 Be8 12. f3 Nxc3 13. Rxc3 Nd7 14. Nxd7 Qxd7
15. f4 Qe7 16. Be2 Rf6 17. Qe1 Rh6 18. Qf2 Bh5 19. Bd3 Rf8 20. a3 Bg6 21. b4 b6
22. cxd5 cxd5 23. Rfc1 a5 24. Rc7 Qe8 25. bxa5 bxa5 26. Qc2 Bf7 27. Qc5 Qa4 28.
Bc2 Qc4 29. Qxc4 dxc4 30. Rxc4 e5 31. Rc5 exd4 32. exd4 Rd6 33. Bxf5 Rxd4 34.
g3 g6 35. Bh3 Re8 36. Rxa5 Bd5 37. Rac5 Re2 38. R5c2 Re3 39. Rc3 Re2 40. R3c2
Re3 41. Ra1 Rdd3 42. a4 Ra3 43. Rxa3 Rxa3 44. Bd7 Bb3 45. Rc8+ Kg7 46. Ra8 Ra1+
47. Kf2 Ra2+ 48. Ke3 Rxh2 49. a5 Bd5 50. Ra7 Kh6 51. g4 Rh1 52. Bb5 Re1+ 53.
Kf2 Re6 54. g5+ Kh5 55. Be2+ 1-0

[Event "12sen.WM-D Naumburg"]
[Site "Naumburg/Saale(20.10.-03.11.)"]
[Date "2002.10.23"]
[Round "3"]
[White "Gumilevskaja, Galina"]
[Black "Sorokina, Tamara"]
[Result "1/2-1/2"]
[WhiteElo "2093"]
[BlackElo "2133"]
[PlyCount "104"]
[EventDate "2002.11.??"]

1. e4 c5 2. Nf3 e6 3. Nc3 d6 4. Bb5+ Bd7 5. O-O a6 6. Bxd7+ Nxd7 7. d4 cxd4 8.
Nxd4 Ngf6 9. Kh1 Be7 10. f4 Qc7 11. Be3 Rc8 12. a4 b6 13. Qf3 Qb7 14. Rae1 O-O
15. g4 Nc5 16. Bd2 e5 17. Nf5 d5 18. exd5 e4 19. Qg2 Rfe8 20. Ne3 Bf8 21. g5
Nh5 22. b4 Nd7 23. Nxe4 f5 24. Ng3 Nxg3+ 25. hxg3 b5 26. a5 g6 27. g4 fxg4 28.
Qxg4 Re4 29. c3 Rce8 30. Qf3 Bd6 31. Ng4 Qxd5 32. Rxe4 Rxe4 33. Rf2 Qe6 34. Be3
Bf8 35. Ne5 Nxe5 36. Qxe4 Qh3+ 37. Kg1 Qg3+ 38. Kf1 Qh3+ 39. Ke1 Nf7 40. Bd4
Qg4 41. Re2 Qg3+ 42. Kd2 Qg4 43. Rg2 Qd7 44. Qa8 Nd6 45. Qxa6 Nc4+ 46. Kc1 Qe8
47. Qb7 Qe1+ 48. Kc2 Na3+ 49. Kb3 Qd1+ 50. Kxa3 Qa1+ 51. Kb3 Qb1+ 52. Ka3 Qa1+
1/2-1/2

[Event "12sen.WM-D Naumburg"]
[Site "Naumburg/Saale(20.10.-03.11.)"]
[Date "2002.10.23"]
[Round "3"]
[White "Hoose, Hannelore"]
[Black "Richter, Hildegard"]
[Result "1/2-1/2"]
[WhiteElo "1622"]
[BlackElo "1706"]
[PlyCount "91"]
[EventDate "2002.11.??"]

1. e4 c5 2. f4 d5 3. exd5 Qxd5 4. Nc3 Qd8 5. Nf3 a6 6. d3 Nc6 7. Be3 e6 8. Be2
Nf6 9. h3 Be7 10. Qd2 Nd4 11. Bd1 b5 12. O-O Bb7 13. Bxd4 cxd4 14. Ne2 Bc5 15.
Ng3 Nd5 16. a3 O-O 17. Rf2 Qc7 18. Ne1 Bd6 19. Ne2 Bc5 20. Ng3 Ne3 21. Bf3 Nd5
22. Ne2 Rad8 23. g3 Rfe8 24. Ng2 Qd7 25. Kh2 Bc8 26. Ng1 Ne3 27. Re2 e5 28.
fxe5 Rxe5 29. Nxe3 dxe3 30. Qe1 h5 31. Rd1 Rf5 32. d4 Bd6 33. Rxe3 h4 34. Bg4
hxg3+ 35. Rxg3 Bxg3+ 36. Qxg3 Rg5 37. Bxd7 Rxg3 38. Bxc8 Rxg1 39. Kxg1 Rxc8 40.
c3 Re8 41. Rd2 Re3 42. Kg2 f5 43. Rf2 g6 44. Rf3 Re2+ 45. Rf2 Re3 46. Rf3
1/2-1/2

[Event "12sen.WM-D Naumburg"]
[Site "Naumburg/Saale(20.10.-03.11.)"]
[Date "2002.10.23"]
[Round "3"]
[White "Janssen, Liselotte"]
[Black "Blagonadezhnaya, Idea"]
[Result "0-1"]
[WhiteElo "1843"]
[BlackElo "2026"]
[PlyCount "58"]
[EventDate "2002.11.??"]

1. d4 g6 2. c4 Bg7 3. Nc3 Nf6 4. e4 d6 5. Nf3 O-O 6. Be2 Nbd7 7. O-O e5 8. d5
Nc5 9. Qc2 a5 10. Be3 b6 11. a3 Ng4 12. Bxc5 bxc5 13. b4 axb4 14. axb4 Rxa1 15.
Rxa1 cxb4 16. Na2 f5 17. Bd3 fxe4 18. Bxe4 Bf5 19. Rb1 Bxe4 20. Qxe4 Rf4 21.
Qe2 e4 22. h3 Nxf2 23. Kxf2 Bd4+ 24. Ke1 exf3 25. Qe6+ Kg7 26. gxf3 Rxf3 27.
Kd1 Qg5 28. Qd7+ Kh6 29. Qg4 Rd3+ 0-1

[Event "12sen.WM-D Naumburg"]
[Site "Naumburg/Saale(20.10.-03.11.)"]
[Date "2002.10.23"]
[Round "3"]
[White "Khmiadashvili, Tamari"]
[Black "Beliaeva, Natalia"]
[Result "1-0"]
[WhiteElo "2330"]
[BlackElo "2111"]
[PlyCount "102"]
[EventDate "2002.11.??"]

1. d4 d5 2. c3 Nf6 3. Bf4 Bf5 4. e3 Nbd7 5. Nd2 e6 6. h3 Bd6 7. Bxd6 cxd6 8. g4
Bg6 9. h4 h6 10. h5 Bh7 11. Be2 e5 12. Nh3 Qb6 13. Qb3 g5 14. hxg6 Bxg6 15.
Qxb6 Nxb6 16. f4 Be4 17. Rg1 exd4 18. exd4 O-O-O 19. O-O-O Rde8 20. Nf2 a6 21.
Rde1 Kb8 22. g5 hxg5 23. fxg5 Nfd7 24. Nfxe4 dxe4 25. c4 f5 26. gxf6 Nxf6 27.
Rg6 Nbd7 28. Rf1 Rh2 29. Kd1 Rf8 30. Rf4 Rh1+ 31. Nf1 Kc7 32. Kd2 d5 33. Ne3
dxc4 34. Bxc4 Rh2+ 35. Be2 Kd8 36. a4 Ke7 37. Rg7+ Rf7 38. Rxf7+ Kxf7 39. Ng4
Rh7 40. a5 Ke7 41. Ne3 Rh2 42. b4 Rh3 43. Nf5+ Kd8 44. Nd6 e3+ 45. Kd3 Kc7 46.
Ne4 Nxe4 47. Kxe4 Kd6 48. Kd3 Nb8 49. Rf6+ Kc7 50. Rf7+ Kd6 51. d5 Nd7 1-0

[Event "12sen.WM-D Naumburg"]
[Site "Naumburg/Saale(20.10.-03.11.)"]
[Date "2002.10.23"]
[Round "3"]
[White "Lein, Marina"]
[Black "Krawcewicz, Lucyna"]
[Result "0-1"]
[WhiteElo "1979"]
[BlackElo "2035"]
[PlyCount "84"]
[EventDate "2002.11.??"]

1. c4 c5 2. Nc3 Nc6 3. Nf3 Nf6 4. g3 g6 5. Bg2 Bg7 6. O-O O-O 7. d3 d6 8. Bd2
a6 9. Qc1 Re8 10. Rb1 Bd7 11. a3 a5 12. Nb5 Na7 13. Nxa7 Rxa7 14. Bc3 b5 15.
cxb5 Bxb5 16. Nd2 a4 17. Ne4 Nxe4 18. Bxe4 Qc8 19. Bxg7 Kxg7 20. Qc3+ Kg8 21.
Bg2 Qa6 22. h4 h5 23. f4 Bd7 24. Be4 Bc6 25. Bxc6 Qxc6 26. f5 Rb7 27. fxg6 fxg6
28. Qc4+ d5 29. Qf4 Qe6 30. Rf2 d4 31. Qf3 Rbb8 32. Kg2 Rb6 33. Kg1 Qa2 34. Rc1
Rf6 35. Qg2 Rxf2 36. Qxf2 Rf8 37. Qg2 Qxb2 38. Rxc5 Qa1+ 39. Kh2 Qe1 40. Qd5+
Kh7 41. g4 Rf2+ 42. Kh3 Qf1+ 0-1

[Event "12sen.WM-D Naumburg"]
[Site "Naumburg/Saale(20.10.-03.11.)"]
[Date "2002.10.23"]
[Round "3"]
[White "Litinskaya, Marta_I"]
[Black "Strelnikova, Elena"]
[Result "1-0"]
[WhiteElo "2402"]
[BlackElo "2175"]
[PlyCount "77"]
[EventDate "2002.11.??"]

1. d4 e6 2. Nf3 f5 3. g3 Nf6 4. Bg2 d5 5. O-O Bd6 6. c4 c6 7. b3 Qe7 8. Bf4
Bxf4 9. gxf4 Nbd7 10. Nbd2 O-O 11. e3 Ne4 12. Rc1 Ndf6 13. Ne5 Bd7 14. Ndf3 Be8
15. Ne1 Bh5 16. Qc2 Nd7 17. Nxd7 Qxd7 18. Nd3 Qe7 19. Ne5 Qh4 20. b4 g5 21. f3
Nf6 22. fxg5 Qxg5 23. f4 Qg7 24. cxd5 Nxd5 25. Qd2 Kh8 26. Kh1 Nf6 27. Qb2 a6
28. Rc2 Be8 29. Qb3 Qe7 30. a4 Nh5 31. Rfc1 Rg8 32. Qb2 Nf6 33. b5 axb5 34.
axb5 cxb5 35. Rc7 Qa3 36. Qf2 b4 37. Qh4 Rf8 38. Qh6 Bc6 39. Qg7# 1-0

[Event "12sen.WM-D Naumburg"]
[Site "Naumburg/Saale(20.10.-03.11.)"]
[Date "2002.10.23"]
[Round "3"]
[White "Malinicheva, Lidiya"]
[Black "Shestoperova, Alexandrova"]
[Result "0-1"]
[WhiteElo "2111"]
[BlackElo "2169"]
[PlyCount "83"]
[EventDate "2002.11.??"]

1. e4 c5 2. Nf3 Nc6 3. d4 cxd4 4. Nxd4 e5 5. Nf5 d5 6. Ng3 Nf6 7. exd5 Qxd5 8.
Qxd5 Nxd5 9. c3 Be6 10. Bb5 a6 11. Bxc6+ bxc6 12. O-O f6 13. Nd2 Kf7 14. Nde4
Be7 15. c4 Nb4 16. b3 a5 17. f4 exf4 18. Bxf4 h6 19. Bd6 Rhd8 20. Bxe7 Kxe7 21.
a3 Nd3 22. Nf5+ Bxf5 23. Rxf5 Rd4 24. Ng3 g6 25. Rf3 Ne5 26. Re1 Rad8 27. Nf1
Rd3 28. Rxd3 Rxd3 29. Re3 Kd6 30. h3 Kc5 31. Rxd3 Nxd3 32. Ng3 Kd4 33. Kf1 Ke3
34. Ne2 g5 35. Ng1 f5 36. Ne2 f4 37. Nc3 Ne5 38. b4 axb4 39. axb4 Nd3 40. Nd1+
Ke4 41. Ke2 Nxb4 42. Nf2+ 0-1

[Event "12sen.WM-D Naumburg"]
[Site "Naumburg/Saale(20.10.-03.11.)"]
[Date "2002.10.23"]
[Round "3"]
[White "Purevdorj, Bujinlkhoun"]
[Black "Luft, Helga"]
[Result "1-0"]
[WhiteElo "1998"]
[BlackElo "1761"]
[PlyCount "75"]
[EventDate "2002.11.??"]

1. e4 c5 2. Nf3 Nc6 3. d4 cxd4 4. Nxd4 Nf6 5. Nc3 e6 6. Ndb5 d6 7. Bf4 e5 8.
Bg5 Be7 9. Bxf6 gxf6 10. Nd5 Rb8 11. Nbc7+ Kf8 12. Nxe7 Qxc7 13. Nd5 Qa5+ 14.
c3 f5 15. exf5 Bxf5 16. Ne3 Ne7 17. Qxd6 Rd8 18. Qf6 Rg8 19. Nxf5 Nxf5 20. Qxf5
Qd5 21. Qc2 Ke7 22. b3 f5 23. Rd1 Qc6 24. Rxd8 Rxd8 25. h4 e4 26. Rh3 f4 27. f3
e3 28. Qxh7+ Kf8 29. Bc4 Qf6 30. Qg8+ Ke7 31. Qg5 Rd2 32. g3 Rxa2 33. gxf4 Rc2
34. Qe5+ Qxe5 35. fxe5 Rxc3 36. h5 b5 37. h6 bxc4 38. bxc4 1-0

[Event "12sen.WM-D Naumburg"]
[Site "Naumburg/Saale(20.10.-03.11.)"]
[Date "2002.10.23"]
[Round "3"]
[White "Zakhvatova, Roufina"]
[Black "Sotter, Gerlinde"]
[Result "0-1"]
[WhiteElo "1558"]
[BlackElo "1609"]
[PlyCount "70"]
[EventDate "2002.11.??"]

1. d4 Nf6 2. Nf3 g6 3. c4 Bg7 4. Nc3 O-O 5. e3 d6 6. g3 Nbd7 7. Bg2 Re8 8. O-O
e5 9. dxe5 Nxe5 10. Nxe5 Rxe5 11. f4 Re8 12. e4 c6 13. Be3 Be6 14. b3 Qc7 15.
Rc1 Rad8 16. Qc2 Ng4 17. Bf2 Qa5 18. Rfd1 Nxf2 19. Qxf2 Bxc3 20. Rxc3 Qxc3 21.
Qxa7 Bg4 22. Rf1 Re7 23. Qb6 Ra8 24. a4 Qa5 25. Qd4 Qa7 26. Qxa7 Rxa7 27. h3
Bd7 28. Rd1 d5 29. cxd5 cxd5 30. Rxd5 Bc6 31. Rd8+ Kg7 32. e5 Rd7 33. Rc8 Rd1+
34. Bf1 Be4 35. Kf2 Bf5 0-1

[Event "12sen.WM-D Naumburg"]
[Site "Naumburg/Saale(20.10.-03.11.)"]
[Date "2002.10.24"]
[Round "4"]
[White "Beliaeva, Natalia"]
[Black "Janssen, Liselotte"]
[Result "1/2-1/2"]
[WhiteElo "2111"]
[BlackElo "1843"]
[PlyCount "70"]
[EventDate "2002.11.??"]

1. d4 d5 2. c4 e6 3. Nf3 Nf6 4. Bg5 Be7 5. Nc3 c6 6. e3 O-O 7. Be2 Nbd7 8. O-O
dxc4 9. Bxc4 Nd5 10. Bxe7 Qxe7 11. Ne4 N5b6 12. Bd3 e5 13. dxe5 Nxe5 14. Nxe5
Qxe5 15. Qc2 Bf5 16. f4 Qe7 17. Rf3 Nd5 18. a3 Rfe8 19. Ng3 Bxd3 20. Qxd3 Rad8
21. Qb3 Qc5 22. Re1 Nf6 23. h3 Rd2 24. Rf2 Rxf2 25. Kxf2 Nd5 26. Kf3 Nb6 27.
Qd3 Qc4 28. Rd1 Qxd3 29. Rxd3 Nc4 30. b4 f6 31. e4 Kf7 32. Nf5 g6 33. Nd6+ Nxd6
34. Rxd6 Ke7 35. Rd2 Rc8 1/2-1/2

[Event "12sen.WM-D Naumburg"]
[Site "Naumburg/Saale(20.10.-03.11.)"]
[Date "2002.10.24"]
[Round "4"]
[White "Blagonadezhnaya, Idea"]
[Black "Gumilevskaja, Galina"]
[Result "1-0"]
[WhiteElo "2026"]
[BlackElo "2093"]
[PlyCount "131"]
[EventDate "2002.11.??"]

1. e4 c5 2. Nf3 e6 3. d4 cxd4 4. Nxd4 Nc6 5. Be2 Qc7 6. O-O Nf6 7. Nc3 a6 8.
Be3 Be7 9. Qd2 b5 10. Nxc6 dxc6 11. a3 O-O 12. Rfd1 Bb7 13. f4 c5 14. e5 Nd5
15. Nxd5 exd5 16. c3 Rad8 17. Rac1 Qb8 18. Qe1 d4 19. cxd4 c4 20. Qg3 f5 21.
Bf3 Bd5 22. Qf2 Qa8 23. Bxd5+ Rxd5 24. Qf3 g6 25. h3 Rfd8 26. Kh2 Qb7 27. g4
Qd7 28. Bf2 a5 29. Re1 Qe6 30. gxf5 Qxf5 31. Qg4 Qf7 32. Rf1 h5 33. Qf3 Qe6 34.
Qe4 Rf8 35. Be3 Rf5 36. Rg1 Kf7 37. Rc2 g5 38. fxg5 Kg7 39. Rg3 Bd6 40. Rf2
Rxf2+ 41. Bxf2 b4 42. axb4 axb4 43. Rf3 Be7 44. h4 Rb5 45. Be1 c3 46. Qc2 Qd5
47. Rf4 Ra5 48. Rf6 Bxf6 49. gxf6+ Kf8 50. Qh7 Qf7 51. Qh8+ Qg8 52. Qh6+ Kf7
53. Qxh5+ Ke6 54. Qe2 Kd7 55. Qf3 Ra2 56. f7 Rxb2+ 57. Kh3 Qf8 58. Qf5+ Ke7 59.
Qf6+ Kd7 60. Qd6+ Qxd6 61. exd6 Kxd6 62. f8=Q+ Kd5 63. Qc5+ Ke4 64. Qc4 Ke3 65.
Bxc3 Rb1 66. Bxb4 1-0

[Event "12sen.WM-D Naumburg"]
[Site "Naumburg/Saale(20.10.-03.11.)"]
[Date "2002.10.24"]
[Round "4"]
[White "Dmitrieva, Alla"]
[Black "Abdikasova, Panno"]
[Result "0-1"]
[WhiteElo "1566"]
[BlackElo "1976"]
[PlyCount "80"]
[EventDate "2002.11.??"]

1. e4 c5 2. Nc3 Nc6 3. Nf3 d6 4. Bb5 Nf6 5. O-O Bd7 6. d4 cxd4 7. Nxd4 e6 8.
Bg5 Be7 9. Re1 O-O 10. Nxc6 Bxc6 11. Bxc6 bxc6 12. e5 dxe5 13. Rxe5 Qb6 14. Rb1
Rfd8 15. Qf3 h6 16. Bf4 Nd5 17. Nxd5 cxd5 18. c3 Rdc8 19. Ree1 a5 20. Qg3 Kh7
21. Qd3+ g6 22. Qd2 Bf8 23. Be3 Qc6 24. Bd4 Bg7 25. Qf4 Qc7 26. Qe3 a4 27. Rec1
e5 28. Bb6 Qd6 29. b4 axb3 30. Rxb3 Rxa2 31. h3 Rc6 32. Rcb1 Ra6 33. Rb5 d4 34.
cxd4 exd4 35. Qb3 Qf4 36. Bc5 Re6 37. g3 Qe4 38. Qc4 Rac6 39. Qb4 Qc2 40. Bxd4
Rc4 0-1

[Event "12sen.WM-D Naumburg"]
[Site "Naumburg/Saale(20.10.-03.11.)"]
[Date "2002.10.24"]
[Round "4"]
[White "Fatalibekova, Elena"]
[Black "Sotter, Gerlinde"]
[Result "1-0"]
[WhiteElo "2297"]
[BlackElo "1609"]
[PlyCount "45"]
[EventDate "2002.11.??"]

1. d4 Nf6 2. Nf3 g6 3. c4 Bg7 4. Nc3 O-O 5. Bg5 d6 6. h3 Nbd7 7. e3 e5 8. Be2
a6 9. Qc2 Qe8 10. O-O c6 11. dxe5 dxe5 12. b4 h6 13. Bh4 Qe6 14. Nd2 Re8 15.
Rad1 Nf8 16. Na4 Qe7 17. Nb6 Rb8 18. Nxc8 Rbxc8 19. Bxf6 Bxf6 20. Ne4 Rcd8 21.
c5 Rxd1 22. Rxd1 Ne6 23. Rd7 1-0

[Event "12sen.WM-D Naumburg"]
[Site "Naumburg/Saale(20.10.-03.11.)"]
[Date "2002.10.24"]
[Round "4"]
[White "Khmiadashvili, Tamari"]
[Black "Litinskaya, Marta_I"]
[Result "1/2-1/2"]
[WhiteElo "2330"]
[BlackElo "2402"]
[PlyCount "73"]
[EventDate "2002.11.??"]

1. d4 Nf6 2. c3 e6 3. Bg5 c5 4. e3 Be7 5. Nd2 cxd4 6. exd4 d6 7. Ngf3 Nbd7 8.
Bd3 h6 9. Bxf6 Nxf6 10. Bb5+ Bd7 11. Qa4 Qc7 12. Bxd7+ Qxd7 13. Qxd7+ Kxd7 14.
O-O Rac8 15. c4 Rc7 16. a4 Rhc8 17. a5 g6 18. b4 Rxc4 19. Nxc4 Rxc4 20. b5 Bd8
21. a6 bxa6 22. bxa6 Bb6 23. Rfc1 Rxc1+ 24. Rxc1 Nd5 25. Kf1 Nc7 26. Ra1 Kc6
27. Ke2 Kb5 28. Rb1+ Kxa6 29. Kd3 Nd5 30. g3 Kb7 31. Ne1 Kc6 32. Nc2 a5 33. Kc4
Bc7 34. f3 Nb6+ 35. Kc3 Nd5+ 36. Kc4 Nb6+ 37. Kc3 1/2-1/2

[Event "12sen.WM-D Naumburg"]
[Site "Naumburg/Saale(20.10.-03.11.)"]
[Date "2002.10.24"]
[Round "4"]
[White "Komicheva, Margarita"]
[Black "Erenska_Barlo, Hanna"]
[Result "1/2-1/2"]
[WhiteElo "2186"]
[BlackElo "2183"]
[PlyCount "93"]
[EventDate "2002.11.??"]

1. e4 d6 2. d4 Nf6 3. Nc3 c6 4. f4 Bg4 5. Qd3 Bd7 6. Be2 Na6 7. a3 e5 8. Nf3
exd4 9. Nxd4 Nc5 10. Qe3 Qe7 11. Bf3 g6 12. O-O Bg7 13. Bd2 O-O 14. Rae1 Qd8
15. b4 Ne6 16. Nb3 Nc7 17. Qd3 Be6 18. Na5 Qc8 19. Be3 d5 20. e5 Nd7 21. Bd4 f6
22. exf6 Nxf6 23. Qe3 Bf5 24. Qf2 Ne6 25. Be5 Qd7 26. Nb3 Rae8 27. Nd1 Ne4 28.
Bxe4 Bxe4 29. Bxg7 Qxg7 30. Qd2 g5 31. fxg5 Nxg5 32. Kh1 h6 33. Ne3 Qg6 34. Nd4
b6 35. c3 Rxf1+ 36. Rxf1 Bd3 37. Re1 Ne4 38. Qb2 Nd6 39. Nf3 Nb5 40. Qa2 Qh5
41. Kg1 Nxc3 42. Qd2 Ne2+ 43. Kf2 Nf4 44. Nxd5 Nxd5 45. Rxe8+ Qxe8 46. Qxd3 Qe6
47. Qd4 1/2-1/2

[Event "12sen.WM-D Naumburg"]
[Site "Naumburg/Saale(20.10.-03.11.)"]
[Date "2002.10.24"]
[Round "4"]
[White "Luft, Helga"]
[Black "Lein, Marina"]
[Result "1/2-1/2"]
[WhiteElo "1761"]
[BlackElo "1979"]
[PlyCount "67"]
[EventDate "2002.11.??"]

1. d4 Nf6 2. Nf3 g6 3. Bf4 Bg7 4. c3 O-O 5. h3 d6 6. Nbd2 c5 7. e3 b6 8. Be2
Bb7 9. O-O Nc6 10. Qc2 Nd7 11. Rad1 cxd4 12. exd4 Rc8 13. Qb1 Re8 14. Bh2 e5
15. dxe5 Ncxe5 16. Nxe5 Nxe5 17. Bxe5 Bxe5 18. Bf3 Ba6 19. Rfe1 Qf6 20. Ne4 Qf4
21. Ng3 h5 22. Re4 Qg5 23. Qc1 Qxc1 24. Rxc1 Bxg3 25. Rxe8+ Rxe8 26. fxg3 Bc4
27. Kf2 a5 28. b3 Be6 29. Rd1 Rd8 30. Ke3 Kf8 31. Kd4 Ke7 32. Re1 Rc8 33. g4 h4
34. Re2 1/2-1/2

[Event "12sen.WM-D Naumburg"]
[Site "Naumburg/Saale(20.10.-03.11.)"]
[Date "2002.10.24"]
[Round "4"]
[White "Purevdorj, Bujinlkhoun"]
[Black "Froeling, Philippa"]
[Result "1-0"]
[WhiteElo "1998"]
[BlackElo "1306"]
[PlyCount "50"]
[EventDate "2002.11.??"]

1. e4 e5 2. Nf3 Nc6 3. Bb5 Nge7 4. c3 g6 5. O-O Bg7 6. d4 a6 7. Ba4 b5 8. Bb3
d6 9. h3 Bb7 10. Re1 O-O 11. a4 exd4 12. cxd4 d5 13. e5 bxa4 14. Bxa4 Nb4 15.
Be3 c6 16. Qd2 a5 17. Bd1 Nf5 18. Bg5 f6 19. exf6 Bxf6 20. Bxf6 Qxf6 21. Nc3
Bc8 22. Na4 Nh4 23. Nxh4 Qxh4 24. Re3 Bf5 25. Nc5 Rae8 1-0

[Event "12sen.WM-D Naumburg"]
[Site "Naumburg/Saale(20.10.-03.11.)"]
[Date "2002.10.24"]
[Round "4"]
[White "Richter, Hildegard"]
[Black "Malinicheva, Lidiya"]
[Result "0-1"]
[WhiteElo "1706"]
[BlackElo "2111"]
[PlyCount "98"]
[EventDate "2002.11.??"]

1. d4 e6 2. Nf3 f5 3. c4 Bb4+ 4. Bd2 Be7 5. Nc3 Nf6 6. Qc2 d5 7. cxd5 exd5 8.
e3 c6 9. Ne5 O-O 10. Be2 Ne4 11. O-O Nd7 12. f4 g5 13. Nxe4 fxe4 14. Qd1 Nxe5
15. fxe5 Rxf1+ 16. Qxf1 Be6 17. g4 Qb6 18. b3 Rf8 19. Qe1 Qc7 20. Bb4 c5 21.
Rc1 b6 22. Bd2 Qd7 23. h3 h5 24. Qg3 hxg4 25. hxg4 Rf7 26. Rf1 Rh7 27. Rf2 Bd8
28. Rh2 Rh4 29. Rxh4 gxh4 30. Qg2 Bg5 31. dxc5 bxc5 32. Kf2 Qh7 33. Qh3 d4 34.
Bc4 Bxc4 35. bxc4 Qf7+ 36. Ke1 Qxc4 37. exd4 e3 38. Bxe3 Qc3+ 39. Kf1 Qxe3 40.
Qxe3 Bxe3 41. d5 Kf7 42. Ke2 Bf4 43. e6+ Ke7 44. Kf3 Bg5 45. Ke4 h3 46. Ke5
Bf6+ 47. Kf5 Bd4 48. g5 h2 49. Kg6 h1=Q 0-1

[Event "12sen.WM-D Naumburg"]
[Site "Naumburg/Saale(20.10.-03.11.)"]
[Date "2002.10.24"]
[Round "4"]
[White "Shestoperova, Alexandrova"]
[Black "Mosionzhik, Bronia"]
[Result "1-0"]
[WhiteElo "2169"]
[BlackElo "2095"]
[PlyCount "89"]
[EventDate "2002.11.??"]

1. Nf3 e6 2. d4 Nf6 3. e3 b6 4. Bd3 Bb7 5. Nbd2 Be7 6. O-O O-O 7. c4 d6 8. b3
Nbd7 9. Bb2 d5 10. Qc2 h6 11. e4 dxe4 12. Nxe4 c5 13. Rad1 Qc7 14. Rfe1 Rfd8
15. Qe2 Nxe4 16. Bxe4 Bxe4 17. Qxe4 Nf6 18. Qe2 cxd4 19. Nxd4 Bb4 20. Nb5 Qe7
21. Rxd8+ Rxd8 22. Rd1 a6 23. Rxd8+ Qxd8 24. Nd4 Bc5 25. Nc2 a5 26. g3 h5 27.
h3 h4 28. g4 Qd6 29. Kg2 Qf4 30. Be5 Qc1 31. Ne1 Nd7 32. Nd3 Qg5 33. Bf4 Qg6
34. Nxc5 Nxc5 35. Bc7 Nd3 36. Qe3 Nb4 37. Bxb6 f5 38. Bxa5 fxg4 39. Bxb4 gxh3+
40. Kxh3 Qf5+ 41. Kxh4 Qf6+ 42. Kg3 Qg6+ 43. Kh2 Qh5+ 44. Kg2 Qg4+ 45. Kf1 1-0

[Event "12sen.WM-D Naumburg"]
[Site "Naumburg/Saale(20.10.-03.11.)"]
[Date "2002.10.24"]
[Round "4"]
[White "Shoushpanova, Nina"]
[Black "Hoose, Hannelore"]
[Result "1-0"]
[WhiteElo "2058"]
[BlackElo "1622"]
[PlyCount "31"]
[EventDate "2002.11.??"]

1. e4 e6 2. d4 d5 3. Nd2 dxe4 4. Nxe4 Nd7 5. Nf3 Be7 6. Bd3 b6 7. Ne5 Nxe5 8.
dxe5 Bb7 9. Qe2 Qd7 10. Bf4 O-O-O 11. O-O Qc6 12. Ba6 Rd4 13. Bxb7+ Kxb7 14. f3
Nh6 15. c3 Rd5 16. a4 1-0

[Event "12sen.WM-D Naumburg"]
[Site "Naumburg/Saale(20.10.-03.11.)"]
[Date "2002.10.24"]
[Round "4"]
[White "Sorokina, Tamara"]
[Black "Krawcewicz, Lucyna"]
[Result "0-1"]
[WhiteElo "2133"]
[BlackElo "2035"]
[PlyCount "100"]
[EventDate "2002.11.??"]

1. Nf3 d5 2. c4 d4 3. g3 c5 4. Bg2 Nc6 5. d3 e5 6. O-O Bd6 7. a3 Nge7 8. Bg5 f6
9. Bd2 O-O 10. Qc2 a5 11. a4 Nb4 12. Qd1 Bd7 13. Na3 Bc6 14. Bxb4 axb4 15. Nb5
Bb8 16. Qc2 h6 17. e3 Qd7 18. exd4 exd4 19. Rfe1 Ng6 20. b3 Qg4 21. h3 Qf5 22.
Nh2 Ne5 23. Rad1 g5 24. Qe2 Kg7 25. Qh5 Rf7 26. Be4 Bxe4 27. dxe4 Qg6 28. Qxg6+
Kxg6 29. f4 Nc6 30. f5+ Kg7 31. Kf2 Na5 32. Rd3 Re7 33. Nf3 Ra6 34. Kg2 Nc6 35.
Kf2 Ra8 36. Rdd1 Be5 37. Rd3 Rd8 38. Nxe5 Nxe5 39. Rd2 h5 40. Kg2 g4 41. Rf1
Nf3 42. Rxf3 gxf3+ 43. Kxf3 Kf7 44. Kf4 Ke8 45. g4 hxg4 46. hxg4 Kd7 47. Re2
Rde8 48. a5 d3 49. Rd2 Rxe4+ 50. Kf3 Re3+ 0-1

[Event "12sen.WM-D Naumburg"]
[Site "Naumburg/Saale(20.10.-03.11.)"]
[Date "2002.10.24"]
[Round "4"]
[White "Strelnikova, Elena"]
[Black "Gudova, Tamara"]
[Result "1-0"]
[WhiteElo "2175"]
[BlackElo "2060"]
[PlyCount "115"]
[EventDate "2002.11.??"]

1. e4 e6 2. d4 d5 3. e5 c5 4. c3 Qb6 5. a3 Nc6 6. Nf3 Bd7 7. b4 c4 8. a4 f6 9.
exf6 Nxf6 10. g3 O-O-O 11. Bh3 Re8 12. O-O Bd6 13. Ng5 Rhf8 14. Na3 h6 15. Nf3
Ne4 16. Nb5 Bb8 17. Nd2 Ng5 18. Bg4 Ne7 19. f4 Nh7 20. Na3 Nf6 21. Nc2 Nf5 22.
Bh3 Nd6 23. Bg2 a6 24. Kh1 h5 25. Ne3 Nf5 26. Re1 Nxe3 27. Rxe3 Ng4 28. Re2 Qd8
29. h3 Nf6 30. Nf1 Bc6 31. Rb2 Bd7 32. Nd2 h4 33. Qf3 hxg3 34. Nxc4 Ne4 35. Kg1
g5 36. Ne5 Qf6 37. c4 gxf4 38. cxd5 exd5 39. Rc2+ Kd8 40. Bb2 Ba7 41. Kf1 Bb8
42. Rac1 Bxa4 43. Qg4 Bb5+ 44. Kg1 Rg8 45. Qc8+ Ke7 46. Qxb7+ Ke6 47. Bxe4 dxe4
48. Qxe4 Bd6 49. Ng4+ Kf7 50. Nxf6 Rxe4 51. Nxe4 Bxb4 52. Kg2 Ke6 53. Kf3 Kf5
54. Rc7 g2 55. Rg1 Bf1 56. d5 Rb8 57. Rf7+ Kg6 58. Rg7+ 1-0

[Event "12sen.WM-D Naumburg"]
[Site "Naumburg/Saale(20.10.-03.11.)"]
[Date "2002.10.25"]
[Round "5"]
[White "Janssen, Liselotte"]
[Black "Shoushpanova, Nina"]
[Result "1/2-1/2"]
[WhiteElo "1843"]
[BlackElo "2058"]
[PlyCount "53"]
[EventDate "2002.11.??"]

1. d4 g6 2. e4 Bg7 3. c3 c6 4. Be3 d5 5. exd5 cxd5 6. Nf3 Nf6 7. Bd3 O-O 8.
Nbd2 Nc6 9. O-O Qc7 10. Re1 a6 11. Nf1 b5 12. Rc1 Qb6 13. Ne5 Qb7 14. Bg5 Nxe5
15. Rxe5 Be6 16. Re1 Ne8 17. Ne3 Nd6 18. Ng4 Bxg4 19. Qxg4 e6 20. Qf4 Nc4 21.
b3 Nb6 22. Bh6 Qb8 23. Qh4 Qd8 24. Bg5 Qd7 25. Bf6 Bxf6 26. Qxf6 Qd8 27. Qf4
1/2-1/2

[Event "12sen.WM-D Naumburg"]
[Site "Naumburg/Saale(20.10.-03.11.)"]
[Date "2002.10.25"]
[Round "5"]
[White "Litinskaya, Marta_I"]
[Black "Blagonadezhnaya, Idea"]
[Result "1-0"]
[WhiteElo "2402"]
[BlackElo "2026"]
[PlyCount "29"]
[EventDate "2002.11.??"]

1. c4 Nf6 2. Nf3 c5 3. g3 g6 4. Bg2 Bg7 5. O-O O-O 6. d4 d5 7. cxd5 cxd4 8.
Nxd4 Nxd5 9. Nc3 Nxc3 10. bxc3 e5 11. Nb5 a6 12. Qxd8 Rxd8 13. Nc7 Ra7 14. Be3
Nc6 15. Bxc6 1-0

[Event "12sen.WM-D Naumburg"]
[Site "Naumburg/Saale(20.10.-03.11.)"]
[Date "2002.10.28"]
[Round "6"]
[White "Abdikasova, Panno"]
[Black "Malinicheva, Lidiya"]
[Result "0-1"]
[WhiteElo "1976"]
[BlackElo "2111"]
[PlyCount "120"]
[EventDate "2002.11.??"]

1. d4 e6 2. e4 d5 3. Nc3 Nf6 4. e5 Nfd7 5. f4 c5 6. Nf3 Nc6 7. Ne2 cxd4 8.
Nexd4 Nc5 9. c3 Bd7 10. Be3 Be7 11. Be2 O-O 12. O-O Ne4 13. Qe1 a6 14. Bd3 f5
15. Rd1 Qe8 16. a3 Rc8 17. Nxc6 Bxc6 18. Nd4 Bd7 19. Qe2 Kh8 20. Kh1 Rg8 21. c4
dxc4 22. Bxc4 Bc5 23. Bd3 Bxd4 24. Bxd4 Bc6 25. Kg1 Bd5 26. Rc1 Qd7 27. Be3
Rxc1 28. Rxc1 Rc8 29. Rxc8+ Qxc8 30. Qc2 Qd7 31. g4 g6 32. g5 Kg8 33. Bb6 Bc6
34. b3 h6 35. h4 hxg5 36. hxg5 Ng3 37. Bc4 Be4 38. Qc1 Qc6 39. Be3 b5 40. Bf1
Bc2 41. Kf2 Ne4+ 42. Kg1 Qc3 43. b4 Ng3 44. Kg2 Ne4 45. Be2 Qb3 46. Bf3 Nc3 47.
Bd2 Nd5 48. Kf2 Qd3 49. Be2 Qd4+ 50. Be3 Qc3 51. Bf3 Qb3 52. Bd2 Kf7 53. Qh1
Be4 54. Bxe4 fxe4 55. Qxe4 Qxa3 56. Qd4 Qa2 57. Kf3 Qb3+ 58. Ke4 Qc2+ 59. Kf3
Qc6 60. Kf2 Ke7 0-1